| 000 | 00434nam a2200181Ia 4500 | ||
|---|---|---|---|
| 005 | 20240823032130.0 | ||
| 008 | 240823s9999||||xx |||||||||||||| ||und|| | ||
| 041 | _aENGLISH | ||
| 082 | _A398.9 Q2 | ||
| 100 | _aPalanisamy K G F | ||
| 245 | 0 | _aSirantha Tamil Palamozhikalum Vilakangalum | |
| 250 | _a1st | ||
| 260 |
_c2012 _b"Narmata,Chennai" |
||
| 500 | _aYES | ||
| 650 |
_aTamil Book _bGeneral |
||
| 942 | _cBK | ||
| 999 |
_c192723 _d192723 |
||